01907nam a2200397 c 450000100060000000300100000600500170001600700030003300800410003602000180007704000350009504100080013004300120013808400060015024501370015625000530029326400560034630000420040233600270044433700330047133800280050449000220053249000210055450500810057552003860065652100610104265000220110365000280112565000170115365000390117065000410120970000370125070000300128770000460131783001460136358521CO-BoRNBP20250825212950.0ta121119s2011 ck a br 000 p spa d a9789583004742 aCO-BoRNBPbspaerdacCO-BoRNBP0 aspa as-ck--- aP03aEl libro de Antón Pirulero /cselección y prólogo Sergio Adricaín, Antonio Orlando Rodríguez ; ilustraciones Ivar Da Coll. aEdición especial para el Ministerio de Cultura 1aBogotá, Colombia :bPanamericana Editorial,c2011 a70 páginas :bilustraciones a color atextobtxt2rdacontent asin mediaciónbn2rdamedia avolumenbnc2rdacarrier0 aLeer es mi cuento0 aQue pase el tren0 tNanastRondas, canciones y rimas de juegostCoplastRetahílastAdivinanzas aDe canciones, nanas, retahílas, trabalenguas y adivinanzas de la tradición oral es de lo que está lleno El libro de Antón Pirulero, inagotable en la riqueza musical y rítmica de sus textos, y por tanto también en sus posibilidades de juego, donde las rondas y bailes se hacen acompañamiento indispensable a la hora de recitar La pájara pinta o La virgen de la cueva1 aRecomendado para un público infantil mayor de 6 años07aAdivinanzas2LEMB07aCanciones de cuna2lemb07aJuegos2lemb04aPoesía infantil colombiana2LEMB04aLiteratura infantil colombiana2LEMB aAndricaín, Sergio,d1956-ewfw1 aDa Coll, Ivard1962-eill1 aRodríguez, Antonio Orlando,d1956-ewfw 0aColección para la Primera Infancia del Ministerio de Cultura, Plan Nacional de Lectura y Escritura Leer es mi cuento, Primera Infancia 2011